header

National strategy for influenza pandemic (Record no. 62249)

MARC details
000 -LEADER
fixed length control field 01327nam a2200337 a 4500
100 1# - MAIN ENTRY--AUTHOR NAME
Personal name Bradley, Nancy T.
245 10 - TITLE STATEMENT
Title National strategy for influenza pandemic
260 ## - PUBLICATION, DISTRIBUTION, ETC. (IMPRINT)
Place of publication New York :
Name of publisher Nova Science Publishers,
Year of publication c2009.
300 ## - PHYSICAL DESCRIPTION
Number of Pages viii, 268 p. :
Other physical details ill.
650 #0 - SUBJECT ADDED ENTRY--TOPICAL TERM
Topical Term Influenza
Topical Term Health planning
Topical Term Public health administration
856 40 - ELECTRONIC LOCATION AND ACCESS
Uniform Resource Identifier http://site.ebrary.com/lib/rucke/Doc?id=10671048

No items available.

© 2026 Rongo University
Contact us: librarian | system librarian | Rongo university